000 00394nam a2200181Ia 4500
005 20240823033212.0
008 240823s9999||||xx |||||||||||||| ||und||
041 _aENGLISH
082 _A823.914P2
100 _aKrishnan S
245 4 _aThe Magic of Malgusi
250 _a1st
260 _c2002
_bPenguin
500 _aYES
650 _aStory
_bGeneral
942 _cBK
999 _c195256
_d195256